| 000 | 00948nam a22002417a 4500 | ||
|---|---|---|---|
| 005 | 20151012111925.0 | ||
| 010 | _aENG-114073 | ||
| 020 |
_c225.00 _a9789351502463 |
||
| 035 | _aEN-97605 | ||
| 037 | _bDBAD/PUB | ||
| 082 | _a488.0071 | ||
| 100 | _aMohanraj, Jayashree | ||
| 245 |
_aLet us hear them speak : _cby Jayashree Mohanraj _bdeveloping speaking-listening skills in English / |
||
| 260 |
_aNew Delhi _bSAGE Publications _c2015 |
||
| 270 |
_aB1/I-1 Mohan Cooperative Industrial Area Mathura Road _bNew Delhi _e110044 |
||
| 300 |
_avarious pagings : _c24cm(pbk) _bill _e1CD-ROM |
||
| 500 | _aIncludes bibliographical references and index | ||
| 650 |
_aEnglish language _xStudy and teaching _zIndia |
||
| 650 |
_aEnglish language _xStudy and teaching _xForeign speakers _zIndia |
||
| 650 |
_aEnglish language teachers _xtraining of _zIndia |
||
| 650 |
_aEnglish language _xPhonology _zIndia |
||
| 942 |
_2ddc _cEN _mMOH _h488.0071 |
||
| 999 |
_c97010 _d97010 |
||